000 00811cab a2200253 4500
001 WB3501-25
008 090401t1998 xxu||||| |||| 00| 0 eng d
035 _a(Sirsi) u90487
041 _aeng
245 _aBrownfield building on track
260 _c1998
350 _a0
490 _aDETR News Release
_v(1113) 22 December 1998 (2)
520 _aDETR figures indicate that housebuilding on brownfield land is on target to meet the government`s 60% recycling target. In 1995 and 1996, 53% of all new houses were built on previously developed land.
650 _aBROWNFIELD DEVELOPMENT
650 _aBROWNFIELD LAND
650 _aDEVELOPMENT
650 _aHOUSE BUILDING
650 _aNEW HOUSING
650 _aSTATISTICS
690 _aHOUSING-DEVELOPMENT
942 _n0
948 _c24/12/1998
999 _c57377
_d57377